NFL 2021 Starting Quarterbacks - Statistics

General Stats
  • This quiz has been taken 127 times
  • The average score is 28 of 32
Answer Stats
Team Quarterback % Correct
Buffalo Bills Josh Allen
98%
Arizona Cardinals Kyler Murray
98%
Baltimore Ravens Lamar Jackson
98%
Green Bay Packers Aaron Rodgers
95%
Cincinnati Bengals Joe Burrow
95%
Atlanta Falcons Matt Ryan
95%
Kansas City Chiefs Patrick Mahomes
95%
New York Giants Daniel Jones
94%
Las Vegas Raiders Derek Carr
94%
New England Patriots Mac Jones
94%
Los Angeles Rams Matthew Stafford
94%
Tampa Bay Buccaneers Tom Brady
94%
Los Angeles Chargers Justin Herbert
93%
Seattle Seahawks Russell Wilson
93%
New York Jets Zach Wilson
93%
Dallas Cowboys Dak Prescott
92%
Detroit Lions Jared Goff
92%
Jacksonville Jaguars Trevor Lawrence
92%
Miami Dolphins Tua Tagovailoa
92%
Philadelphia Eagles Jalen Hurts
91%
Minnesota Vikings Kirk Cousins
91%
Tennessee Titans Ryan Tannehill
89%
Cleveland Browns Baker Mayfield
87%
San Francisco 49ers Jimmy Garoppolo
87%
Pittsburgh Steelers Ben Roethlisberger
86%
New Orleans Saints Jameis Winston
83%
Indianapolis Colts Carson Wentz
81%
Carolina Panthers Sam Darnold
77%
Chicago Bears Andy Dalton
71%
Houston Texans Davis Mills
70%
Denver Broncos Teddy Bridgewater
61%
Washington Football Team Taylor Heinicke
54%
No matching quizzes found
Score Distribution
Percent of People with Each Score
Percentile by Number Answered
Your Score History
You have not taken this quiz